Most Popular Boys Names in Arizona - Statistics

General Stats
  • This quiz has been taken 63 times
  • The average score is 9 of 15
Answer Stats
Hint Answer % Correct
first appeared 1980 Michael
82%
first appeared 1980 James
78%
first appeared 1982 Daniel
73%
first appeared 1981 David
67%
first appeared 1996 Jose
67%
first appeared 1980 Christopher
64%
first appeared 1994 Jacob
64%
first appeared 1981 Matthew
64%
first appeared 1980 Jason
56%
first appeared 1980 Joshua
55%
first appeared 2012 Liam
55%
first appeared 1998 Anthony
49%
first appeared 1993 Tyler
40%
first appeared 2008 Alexander
36%
first appeared 2004 Angel
4%
No matching quizzes found
Score Distribution
Percent of People with Each Score
Percentile by Number Answered
Your Score History
You have not taken this quiz